Amo la vida, dijo ella finalmente: orientaciones de un padre con hija Down

Gardado en:
Detalles Bibliográficos
Autor Principal: Hourdin, Georges (Author)
Formato: Libro
Idioma:Lingua castelá
Publicado: Ciudad de México Trillas 1992
Subjects:
Tags: Engadir etiqueta
Sen Etiquetas, Sexa o primeiro en etiquetar este rexistro!

MARC

LEADER 00000nam a2200000 a 4500
001 UCN1961
003 CL-VaPUC
008 010504e19920000MX |||||||||||||||||spa|d
082 0 4 |a 371.928  |b HOU  |2 21 
100 |a Hourdin, Georges  |e author  |9 483873 
245 1 0 |a Amo la vida, dijo ella finalmente: orientaciones de un padre con hija Down 
300 |a 222 p 
942 |c BK 
945 |d 20010504 00:00:00  |a cmena 
260 |a Ciudad de México  |b Trillas  |c 1992 
650 0 |a Educación especial  |9 307486 
650 0 |a Psicología educacional   |9 307830 
650 0 |a Minusválidos mentales  |9 311830 
650 0 |a Síndrome de Down  |9 309553 
583 |a last modification  |c 20010504 00:00:00  |k Rodrigo Vera 
999 |c 295183  |d 295181 
952 |0 0  |1 0  |4 0  |6 371_928000000000000_HOU_1992  |7 0  |8 A  |9 348116  |a BIBEDU  |b BIBEDU  |d 2019-11-20  |i 3718395  |o 371.928 HOU 1992  |p 3718395  |r 2019-11-20  |w 2019-11-20  |y BK  |k EPE